• 首页
  • 本馆介绍
  • 公告通知
  • 最新文献
  • 馆藏检索
  • 电子资源
  • 读者导购
  • 参考咨询
  • 我的图书馆
  • 登录
  • 详细信息显示
  • 放入我的书架
  • 预约/预借图书
  • 作者相关作品
  • 分类相关作品
  • 丛书相关作品
  • 出版社相关作品

书目信息

  • 表格格式
  • 工作单格式
  • 卡片格式
题名:
西方七国职业训练
    
 
作者: 魏兴业 编
分册:  
出版信息: 北京   时事出版社  1982
页数: 89页
开本: 19cm
丛书名:
单 册:
中图分类: G71
科图分类:
主题词: 职业教育--概况--西方国家 , 教育--类型
电子资源:
ISBN:
000 00679nam0 2200253 45
001 0182001822
005 20060430143836.29
010    @dCNY0.37
091    @a4225.006
100    @a19950310d1982 em y0chiy0121 ea
101 0  @achi
102    @aCN@b110000
105    @ay z 000yy
200 10 @a西方七国职业训练@Axi fang qi guo zhi ye xun lian@f魏兴业编@Fwei xing ye bian
210    @a北京@c时事出版社@d1982
215    @a89页@d19cm
300    @a内部发行
606    @a职业教育@x概况@y西方国家
606 0  @a教育@x类型
690    @aG71
701  0 @a魏兴业@Awei xing ye@4编
801  0 @aCN@b上海图书馆@c20060430
801  2 @aCN@bNLC@c20060413
905    @f1@b176145@dG71@e5
    
    西方七国职业训练/魏兴业编.-北京:时事出版社,1982
    89页;19cm
    内部发行
    
    ISBN :CNY0.37
    
●
相关链接 在E读中查询图书 在五车中查询图书 在当当中查询图书 在豆瓣中查询图书


正题名:西方七国职业训练     索取号:G71/5         预约/预借

序号 登录号 条形码 馆藏地/架位号 状态 备注
1 0176145   001002453   密集书库/ [索取号:G71/5] 在馆    
2 0176146   001002523   第一样本阅览室/ [索取号:G71/5] 在馆    
3 0230743   202306824   密集书库/ [索取号:G71/5] 在馆    
4 0230744   202307217   密集书库/ [索取号:G71/5] 在馆    
5 0230745   202257538   密集书库/ [索取号:G71/5] 在馆    
唐山师范学院图书馆 欢迎您!
大连网信软件有限公司© 版权所有